=LDR 00000nam 2200000 4500 =001 INLIS000000000040121 =005 20140809114245.0 =006 =007 =008 Ind =035 ##$$a 0010-061300000040121 =041 ##$$a Ind =090 ##$$a 813, Har f.2 =100 ##$$a Harris,Harlaine =245 ##$$a From dead to worse, kudeta kerajaan vampir =260 ##$$a 2009 $b =300 ##$$abesensi =850 ##$$a 432 hlm, 18 cm